Loading...
| Science - Chemistry | 0 | 3 | 1 | 0 | 25 | 85 | 91.67 | 0 | 0 | 5.10 | 10.23 |
| History - American | 0 | 2 | 0 | 1 | 20 | 76 | 88.50 | 0 | 0 | 5.56 | 11.36 |
| Geography | 0 | 1 | 0 | 1 | 10 | 124 | 124.00 | 0 | 0 | 0.00 | 6.25 |
| Fine Arts - Other | 0 | 1 | 0 | 0 | 10 | 116 | 116.00 | 0 | 0 | 1.22 | 2.27 |
| Fine Arts - Painting and Sculpture | 0 | 1 | 0 | 1 | 10 | 122 | 122.00 | 0 | 0 | 0.00 | 1.14 |
| Philosophy | 0 | 1 | 0 | 0 | 10 | 125 | 125.00 | 0 | 0 | 0.00 | 3.41 |
| Popular Culture | 0 | 1 | 0 | 0 | 10 | 78 | 78.00 | 0 | 0 | 22.73 | 25.00 |
| Mythology | 0 | 0 | 0 | 0 | 0 | 0.00 | 0 | 0 | 0.00 | 0.00 | |
| Literature - World | 0 | 0 | 1 | 0 | -5 | 0.00 | 0 | 0 | 0.00 | 0.00 | |
| Religion | 0 | 0 | 1 | 0 | -5 | 0.00 | 0 | 0 | 0.00 | 0.00 | |
| Other Academic | 0 | 0 | 1 | 0 | -5 | 0.00 | 0 | 0 | 0.00 | 0.00 | |
| Science - Biology | 0 | 0 | 2 | 0 | -10 | 0.00 | 0 | 0 | 0.00 | 0.00 |